000
00350pam a2200157a 44500
008
230515b2001 xxu||||| |||| 00| 0 eng d
020
_a
NULL
041
_a
ENGLISH
082
_a
N.D.
100
_a
Popov E P
245
_a
Engineering Mechanics of Solids
250
_a
0
260
_a
NULL
_b
Peason Edue.
_c
2001
300
_a
864
650
_a
NULL
999
_c
586029
_d
586029